Code pénal général de l'empire d'Autriche : (Record no. 183316)

MARC details
000 -LEADER
campo de control de longitud fija 00886nam a2200217 i 4500
001 - NÚMERO DE CONTROL
campo de control 183316
003 - IDENTIFICADOR DE NÚMERO DE CONTROL
campo de control ES-MaACL
005 - FECHA Y HORA DE LA ÚLTIMA TRANSACCIÓN
campo de control 20230906221849.0
008 - DATOS DE LONGITUD FIJA--INFORMACIÓN GENERAL
campo de control de longitud fija 140318s1833 fr |||| | fre d
080 ## - NÚMERO DE LA CLASIFICACIÓN DECIMAL UNIVERSAL
Número de la Clasificación Decimal Universal 343(436)"1803"(094.4)
110 1# - ENTRADA PRINCIPAL--NOMBRE DE ENTIDAD CORPORATIVA
Nombre de entidad corporativa o nombre de jurisdicción como elemento de entrada Austria.
9 (RLIN) 171515
245 10 - MENCIÓN DEL TÍTULO
Título Code pénal général de l'empire d'Autriche :
Resto del título avec des appendices contenant les règlements généraux les plus récents /
Mención de responsabilidad, etc. traduit sur la dernière édition officielle par M. Victor Foucher.
260 ## - PUBLICACIÓN, DISTRIBUCIÓN, ETC.
Lugar de publicación, distribución, etc. Paris :
Nombre del editor, distribuidor, etc. [s.n],
Fecha de publicación, distribución, etc. 1833 (
Fabricante Imp. Royale)
300 ## - DESCRIPCIÓN FÍSICA
Extensión XVI, 390 p. ;
Dimensiones 22 cm.
490 1# - MENCIÓN DE SERIE
Mención de serie Collection des lois civiles et criminelles des états modernes ;
Designación de volumen o secuencia 1
650 #4 - PUNTO DE ACCESO ADICIONAL DE MATERIA--TÉRMINO DE MATERIA
Término de materia o nombre geográfico como elemento de entrada Derecho penal-
Subdivisión geográfica Austria.
9 (RLIN) 173926
700 1# - ENTRADA AGREGADA--NOMBRE PERSONAL
Nombre de persona Foucher, Victor.
9 (RLIN) 51926
830 1# - PUNTO DE ACCESO ADICIONAL DE SERIE-TÍTULO UNIFORME
Título uniforme Collection des lois civiles et criminelles des états modernes ;
Designación de volumen o secuencia 1
9 (RLIN) 191907
852 4# - LOCALIZACIÓN
Ubicación ES-MaACL
Número de control de estantería G-3633
Holdings
Estatus retirado Estado de pérdida Estado de daño No para préstamo Colección Biblioteca de origen Biblioteca actual Ubicación en estantería Fecha de adquisición Fuente de adquisición Total de préstamos Signatura topográfica completa Código de barras Visto por última vez Precio de reemplazo Tipo de ítem Koha
        Libros del s. XIX Biblioteca del Ateneo de Madrid Biblioteca del Ateneo de Madrid Depósito 2 18/03/2014     G-3633 1192682 23/02/2023 23/02/2023 Libro impreso antiguo